| 000 | 01166nam a22002417a 4500 | ||
|---|---|---|---|
| 005 | 20210325192458.0 | ||
| 008 | s2542 th tha d | ||
| 020 | _a9743328947 | ||
| 041 | _atha | ||
| 090 | _aว UA853.T5.3 ค144ก 2542 | ||
| 100 | 0 | _aคนึงนิจ วีระปุลลี | |
| 245 | 1 | 0 | _aกองทัพบกในฐานะกลุ่มผลประโยชน์ทางการเมืองศึกษาช่วง พ.ศ.2535 - 2540 |
| 260 | 3 |
_aกรุงเทพฯ : _bจุฬาลงกรณ์มหาวิทยาลัย, _c2542 |
|
| 300 |
_a115 หน้า : _b ตาราง ; _c 29 ซม. |
||
| 650 | 0 | 4 | _aกองทัพบก -- ไทย -- วิจัย |
| 650 | 0 | 4 | _aทหาร -- กิจกรรมทางการเมือง -- วิจัย |
| 650 | 0 | 4 | _aไทย -- การเมืองการปกครอง -- 2535--2540 -- วิจัย |
| 650 | 0 | 4 | _aระบบการเมือง -- ไทย -- วิจัย |
| 850 | _aNALT | ||
| 942 | _cRSH | ||
| 997 |
_c000000000031720 _kVC |
||
| 998 | _aSOPAPORN | ||
| 999 |
_c31720 _d31720 |
||